Loading...
| History - European History | 0 | 8 | 0 | 2 | 80 | 64 | 114.13 | 0 | 1 |
| Literature - World Literature | 0 | 8 | 0 | 2 | 80 | 102 | 131.63 | 0 | 2 |
| History - World History | 0 | 8 | 0 | 1 | 80 | 96 | 114.75 | 0 | 2 |
| Literature - European Literature | 0 | 7 | 0 | 1 | 70 | 109 | 124.00 | 0 | 2 |
| Religion | 0 | 6 | 0 | 2 | 60 | 70 | 108.33 | 1 | 2 |
| History - American History | 0 | 5 | 0 | 1 | 50 | 76 | 97.40 | 2 | 2 |
| Other | 0 | 5 | 0 | 0 | 50 | 54 | 83.80 | 3 | 4 |
| History - Other History | 0 | 5 | 1 | 2 | 45 | 97 | 116.80 | 1 | 2 |
| Literature - American Literature | 0 | 4 | 0 | 1 | 40 | 111 | 127.75 | 0 | 0 |
| Fine Arts - Painting & Sculpture | 0 | 4 | 1 | 1 | 35 | 116 | 128.00 | 0 | 3 |
| Fine Arts - Classical Music | 0 | 3 | 0 | 0 | 30 | 108 | 120.67 | 0 | 1 |
| Social Science | 0 | 3 | 1 | 0 | 25 | 75 | 109.67 | 0 | 1 |
| Literature - British Literature | 0 | 2 | 0 | 0 | 20 | 139 | 142.50 | 0 | 0 |
| Philosophy | 0 | 2 | 0 | 1 | 20 | 138 | 138.50 | 0 | 0 |
| Mythology | 0 | 2 | 0 | 0 | 20 | 133 | 136.00 | 0 | 0 |
| Science - Biology | 0 | 1 | 0 | 1 | 10 | 125 | 125.00 | 0 | 0 |
| Science - Physics | 0 | 1 | 0 | 0 | 10 | 129 | 129.00 | 0 | 0 |
| Fine Arts - Other Fine Arts | 0 | 1 | 1 | 0 | 5 | 101 | 101.00 | 0 | 0 |
| Science - Chemistry | 0 | 0 | 0 | 0 | 0 | 0.00 | 0 | 0 |